Načítá se...

Aasuthranam alpa vikasitha rajyangalil /

Podrobná bibliografie
Hlavní autor: Narayanan C.
Médium: Printed Book
Jazyk:Malayalam
Vydáno: Nava Kerala Sahakarana Prasithikarana Shala , 1963.
LEADER 00520nam a2200145Ia 4500
008 150624b xxu||||| |||| 00| | mal d
082 |a 338.00954 
100 |a Narayanan C. 
245 |c Narayanan C.  |a Aasuthranam alpa vikasitha rajyangalil / 
260 |b Nava Kerala Sahakarana Prasithikarana Shala ,  |c 1963. 
300 |a 398 p. 
546 |a In Malayalam. 
942 |c BK 
999 |c 74342  |d 74342 
952 |0 1  |1 0  |4 0  |6 338_009540000000000_NAR_A_M  |7 0  |9 74288  |a UL  |b UL  |c ST1  |d 1998-09-15  |l 0  |o 338.00954 NAR/A M  |p 19483  |r 2012-10-27  |w 2012-10-27  |y BK